[Event "8th EUR-ch"]
[Site "Dresden GER"]
[Date "2007.04.11"]
[Round "8.38"]
[White "Mastrovasilis, Athanasios"]
[Black "Mchedlishvili, Mikheil"]
[Result "0-1"]
[WhiteElo "2543"]
[BlackElo "2609"]
[EventDate "2007.04.03"]
[PlyCount "150"]

1.c4 e5 2.g3 Nf6 3.Bg2 d5 4.cxd5 Nxd5 5.Nc3 Ne7 6.Nf3 Nbc6 7.b4 a6 8.Bb2 
g6 9.a4 Bg7 10.b5 Nd4 11.Nxd4 exd4 12.Ne4 O-O 13.O-O Re8 14.Qc2 c6 15.d3 
cxb5 16.axb5 Nd5 17.Rfc1 Rb8 18.Qc5 Nc3 19.Nxc3 dxc3 20.Bxc3 Bxc3 21.Rxc3 
Rxe2 22.b6 Qf6 23.Rf1 Bf5 24.Qb4 Re6 25.Rb3 Rd6 26.Qf4 Rbd8 27.Bxb7 Rxb6 
28.Rxb6 Qxb6 29.Be4 Be6 30.Qf6 Qd4 31.Qxd4 Rxd4 32.Ra1 Bc8 33.Rc1 Bd7 34.
Ra1 Bb5 35.Bb7 Rd7 36.Bc8 Rc7 37.Bxa6 Ra7 38.Bxb5 Rxa1+ 39.Kg2 g5 40.g4 
Kg7 41.Bc6 Kf6 42.Be4 h6 43.h3 Ke5 44.Kf3 Re1 45.Bh7 Kd4 46.Bf5 f6 47.Bg6 
Kc3 48.Bf5 Re7 49.Kg3 Re5 50.Kf3 h5 51.Be4 h4 52.Ke3 Re7 53.Ke2 Ra7 54.Ke3
Ra2 55.Bd5 Rd2 56.Be4 Kc2 57.Bf5 Kd1 58.d4 Ke1 59.Bd3 Rxf2 60.d5 Rb2 61.d6
Rb6 62.d7 Re6+ 63.Kf3 Rd6 64.Bb5 Kd2 65.Ke4 Kc3 66.Kf5 Kb4 67.Bc6 Kc5 68.
Bg2 Kd4 69.d8=Q Rxd8 70.Kxf6 Rg8 71.Bc6 Ke3 72.Bd5 Rb8 73.Be6 Kf4 74.Bd5 
Rb6+ 75.Be6 Kg3 0-1

[Event "8th EUR-ch"]
[Site "Dresden GER"]
[Date "2007.04.11"]
[Round "8.39"]
[White "Predojevic, Borki"]
[Black "Pashikian, Arman"]
[Result "1-0"]
[WhiteElo "2609"]
[BlackElo "2538"]
[EventDate "2007.04.03"]
[PlyCount "59"]

1.e4 e5 2.Nf3 Nc6 3.Bc4 Bc5 4.c3 Nf6 5.d3 d6 6.O-O a6 7.Bb3 Ba7 8.h3 h6 9.
Nbd2 O-O 10.Re1 Be6 11.Bc2 d5 12.Qe2 dxe4 13.Nxe4 Re8 14.Ng3 Qd7 15.Be3 
Bb6 16.Bxb6 cxb6 17.Nxe5 Nxe5 18.Qxe5 Bb3 19.Bxb3 Rxe5 20.Rxe5 Re8 21.d4 
b5 22.Rae1 g6 23.f4 b4 24.Ne4 Nxe4 25.R1xe4 Rxe5 26.fxe5 Qf5 27.Re1 bxc3 
28.e6 cxb2 29.e7 Qe4 30.e8=Q+ 1-0

[Event "8th EUR-ch"]
[Site "Dresden GER"]
[Date "2007.04.11"]
[Round "8.41"]
[White "Golod, Vitali"]
[Black "Ruck, Robert"]
[Result "0-1"]
[WhiteElo "2597"]
[BlackElo "2534"]
[EventDate "2007.04.03"]
[PlyCount "124"]

1.d4 d5 2.c4 c6 3.Nf3 Nf6 4.e3 Bg4 5.Nc3 e6 6.h3 Bxf3 7.Qxf3 Nbd7 8.Bd2 
Bb4 9.Bd3 O-O 10.a3 Bd6 11.cxd5 exd5 12.g4 Qe7 13.g5 Ne8 14.Qg4 Nc7 15.h4 
b5 16.h5 Ne6 17.Bf5 Nb6 18.g6 Rae8 19.gxh7+ Kh8 20.b3 Qf6 21.Kf1 a6 22.Rg1
c5 23.Ne2 c4 24.Ba5 Nc8 25.bxc4 bxc4 26.Bc2 Ne7 27.Ng3 Ng5 28.Bc3 Bxg3 29.
Rxg3 Ne4 30.Bxe4 dxe4 31.Bb4 a5 32.Bc5 Kxh7 33.Rc1 Nf5 34.Rh3 Rg8 35.Rxc4 
Qe6 36.Kg1 Qxc4 37.Qxf5+ Kh8 38.Kh2 Qe6 39.Qf4 Rd8 40.Rh4 Rge8 41.Qg3 Rd5 
42.Kg2 Qh6 43.Qf4 Rxh5 44.Qxh6+ Rxh6 45.Rf4 Kg8 46.Rf5 Rg6+ 47.Kf1 Rb8 48.
Rf4 Rb1+ 49.Ke2 Rb2+ 50.Kf1 Re6 51.Kg2 Rd2 52.Rf5 Rg6+ 53.Kh2 a4 54.Bb4 
Rd1 55.d5 Rdg1 56.Be7 f6 57.d6 Kf7 58.Rh5 R6g2+ 59.Kh3 Rg5 60.Rxg5 Rxg5 
61.Kh2 Ke6 62.Bf8 g6 0-1

[Event "8th EUR-ch"]
[Site "Dresden GER"]
[Date "2007.04.11"]
[Round "8.42"]
[White "Jankovic, Alojzije"]
[Black "Bartel, Mateusz"]
[Result "1/2-1/2"]
[WhiteElo "2541"]
[BlackElo "2596"]
[EventDate "2007.04.03"]
[PlyCount "100"]

1.d4 f5 2.g3 Nf6 3.Bg2 g6 4.Nf3 Bg7 5.O-O O-O 6.c4 c6 7.Nc3 Na6 8.b3 Ne4 
9.Bb2 d5 10.Rc1 Be6 11.e3 h6 12.Ne2 g5 13.Ne5 Qa5 14.f3 Nd6 15.c5 Nf7 16.
Nd3 Qd8 17.b4 Nc7 18.a4 a5 19.bxa5 Rxa5 20.Bc3 Ra8 21.Rb1 Bc8 22.Rb6 Qd7 
23.Qb3 Ra7 24.Nec1 Qe6 25.Re1 Qg6 26.f4 h5 27.fxg5 Qxg5 28.Nf4 Kh7 29.Ncd3
h4 30.gxh4 Qxh4 31.Rf1 Ng5 32.Be1 Qh6 33.Qd1 Nce6 34.Nxe6 Bxe6 35.Rf4 Kg8 
36.Rh4 Qf6 37.Nf4 Bf7 38.Nxd5 Qe6 39.a5 Rd8 40.a6 Rxd5 41.axb7 Rxb7 42.
Rxb7 Rd8 43.Rc7 Qxe3+ 44.Bf2 Bxd4 45.Rxd4 Rxd4 46.Qa1 Nh3+ 47.Bxh3 Qg5+ 
48.Bg3 Qe3+ 49.Bf2 Qg5+ 50.Bg3 Qe3+ 1/2-1/2

[Event "8th EUR-ch"]
[Site "Dresden GER"]
[Date "2007.04.11"]
[Round "8.44"]
[White "Mista, Aleksander"]
[Black "Grigoriants, Sergey"]
[Result "1-0"]
[WhiteElo "2532"]
[BlackElo "2594"]
[EventDate "2007.04.03"]
[PlyCount "55"]

1.e4 c5 2.Nf3 d6 3.d4 cxd4 4.Nxd4 Nf6 5.Nc3 a6 6.Bg5 Nc6 7.Qd2 e6 8.O-O-O 
Bd7 9.f3 h6 10.Be3 b5 11.Nxc6 Bxc6 12.Ne2 Qc7 13.Kb1 Bb7 14.h4 Nd7 15.Nd4 
Rc8 16.g4 d5 17.a4 e5 18.exd5 exd4 19.Bxd4 Bxd5 20.Bd3 f6 21.Bg6+ Bf7 22.
Rhe1+ Be7 23.Bf5 Rd8 24.f4 Nc5 25.Qe3 bxa4 26.Qxe7+ Qxe7 27.Rxe7+ Kf8 28.
Rc7 1-0

[Event "8th EUR-ch"]
[Site "Dresden GER"]
[Date "2007.04.11"]
[Round "8.47"]
[White "Guseinov, Gadir"]
[Black "Slobodjan, Roman"]
[Result "1-0"]
[WhiteElo "2586"]
[BlackElo "2525"]
[EventDate "2007.04.03"]
[PlyCount "117"]

1.e4 e5 2.Nf3 Nc6 3.Bb5 a6 4.Ba4 Nf6 5.O-O Be7 6.d3 b5 7.Bb3 d6 8.a4 Bg4 
9.c3 Na5 10.Bc2 c5 11.h3 Bd7 12.Nbd2 O-O 13.Re1 Rb8 14.d4 cxd4 15.cxd4 
exd4 16.axb5 d3 17.Bxd3 Bxb5 18.Bxb5 axb5 19.Nd4 Rb7 20.N2f3 Nc4 21.b3 Ne5
22.Nf5 Ne8 23.Nxe5 dxe5 24.Qg4 Bc5 25.Rd1 Bd4 26.Bb2 Rd7 27.Rab1 h5 28.Qe2
Bxb2 29.Rxd7 Qxd7 30.Rxb2 g6 31.Ne3 Qb7 32.Nd5 Nc7 33.Rd2 Ne6 34.Qf3 Ng5 
35.Qe3 Nh7 36.Rc2 Kg7 37.Rc7 Qa6 38.Qc3 Re8 39.Rc5 Qb7 40.Nc7 Re7 41.Rxe5 
Rxe5 42.Qxe5+ Kh6 43.Nxb5 f6 44.Qd5 Qa6 45.Qd2+ Ng5 46.Nc3 h4 47.b4 Kg7 
48.b5 Qa8 49.Kh2 Qa7 50.f4 Qb8 51.e5 Nf7 52.exf6+ Kh6 53.Kh1 Nd6 54.f5+ g5
55.Qd5 Qc7 56.f7 Kg7 57.f6+ Kf8 58.Qxg5 Qxf7 59.Qxh4 1-0

[Event "8th EUR-ch"]
[Site "Dresden GER"]
[Date "2007.04.11"]
[Round "8.49"]
[White "Jovanovic, Zoran"]
[Black "Petrosian, Tigran"]
[Result "0-1"]
[WhiteElo "2529"]
[BlackElo "2580"]
[EventDate "2007.04.03"]
[PlyCount "138"]

1.e4 e5 2.Nf3 Nc6 3.Nc3 Nf6 4.g3 Bc5 5.Bg2 d6 6.d3 a6 7.Bg5 h6 8.Bxf6 Qxf6
9.Nd5 Qd8 10.c3 Ba7 11.O-O Ne7 12.d4 Nxd5 13.exd5 exd4 14.Re1+ Kf8 15.Nxd4
g6 16.Re4 Kg7 17.Qf3 Re8 18.Rae1 Rxe4 19.Rxe4 Bxd4 20.Rxd4 Bd7 21.h4 g5 
22.Qe3 Qf6 23.Re4 Bf5 24.Rc4 Rc8 25.b4 b5 26.Rd4 Kf8 27.Qf3 Kg7 28.Qe3 Ra8
29.c4 Kf8 30.Qd2 Re8 31.Bf1 Bd7 32.Bg2 Qe5 33.Kh2 Qe2 34.hxg5 Qxd2 35.Rxd2
hxg5 36.Bf1 Re1 37.Bd3 Ke7 38.Kg2 bxc4 39.Bxc4 Bb5 40.Bb3 Bf1+ 41.Kf3 f5 
42.Bc2 Kf6 43.g4 fxg4+ 44.Kxg4 Bc4 45.a3 Rg1+ 46.Kh3 Ra1 47.Be4 Rxa3+ 48.
Kg4 Rb3 49.f4 Rxb4 50.fxg5+ Ke5 51.Bc2 Bxd5+ 52.Kh5 Bf3+ 53.Kh6 Rh4+ 54.
Kg7 Be4 55.Re2 d5 56.g6 c5 57.Bxe4 dxe4 58.Rg2 e3 59.Kf7 Rf4+ 60.Ke7 Rb4 
61.Rg5+ Kd4 62.g7 Rb8 63.Kd6 Rd8+ 64.Ke7 Rg8 65.Kf7 Rxg7+ 66.Rxg7 e2 67.
Rg1 c4 68.Ke6 c3 69.Kf5 Kd3 0-1

[Event "8th EUR-ch"]
[Site "Dresden GER"]
[Date "2007.04.11"]
[Round "8.50"]
[White "Manolache, Marius"]
[Black "Kempinski, Robert"]
[Result "1-0"]
[WhiteElo "2504"]
[BlackElo "2579"]
[EventDate "2007.04.03"]
[PlyCount "79"]

1.d4 d5 2.Nf3 Nf6 3.c4 c6 4.e3 g6 5.Nc3 Bg7 6.Be2 O-O 7.O-O Nbd7 8.h3 dxc4
9.a4 Nb6 10.a5 Nbd5 11.Bxc4 Be6 12.Bb3 Rc8 13.Bd2 c5 14.dxc5 Rxc5 15.Nd4 
Nxc3 16.Bxc3 Bxb3 17.Qxb3 Qd5 18.Rfd1 Ne4 19.Qxd5 Rxd5 20.Bb4 Bf6 21.a6 
Rb8 22.f3 Nd6 23.Bc3 Nc4 24.e4 Rd7 25.f4 Ne3 26.Rd2 e6 27.Nc6 Rxd2 28.Bxd2
bxc6 29.Bxe3 Bxb2 30.Ra2 Bg7 31.Bxa7 Ra8 32.Bb6 Kf8 33.a7 Ke8 34.Rd2 Bf8 
35.Kf1 Be7 36.Ke2 c5 37.Kd1 g5 38.f5 c4 39.Kc2 Bf6 40.e5 1-0

[Event "8th EUR-ch"]
[Site "Dresden GER"]
[Date "2007.04.11"]
[Round "8.52"]
[White "Sedlak, Nikola"]
[Black "Stern, Rene"]
[Result "1/2-1/2"]
[WhiteElo "2575"]
[BlackElo "2476"]
[EventDate "2007.04.03"]
[PlyCount "81"]

1.d4 Nf6 2.c4 e6 3.Nc3 d5 4.Nf3 Nbd7 5.Bf4 dxc4 6.e3 Nd5 7.Bxc4 Nxf4 8.
exf4 Bd6 9.g3 Nb6 10.Bb3 c6 11.O-O Nd5 12.Ne4 O-O 13.Ne5 Be7 14.Rc1 f6 15.
Nd3 Kh8 16.Re1 Nc7 17.Qh5 Qxd4 18.Rcd1 Qd8 19.f5 Qe8 20.Qh3 e5 21.g4 Nd5 
22.f4 g6 23.Kh1 gxf5 24.gxf5 Qg6 25.Ng3 Bd6 26.fxe5 fxe5 27.Nxe5 Qf6 28.
Ng4 Qg7 29.Bxd5 Bxg3 30.Qxg3 cxd5 31.Ne3 Bxf5 32.Qxg7+ Kxg7 33.Nxf5+ Rxf5 
34.Re7+ Rf7 35.Rxf7+ Kxf7 36.Rxd5 Ke6 37.Rh5 Rc8 38.Rxh7 Rc1+ 39.Kg2 Rc2+ 
40.Kf3 Rxb2 41.Ke4 1/2-1/2

[Event "8th EUR-ch"]
[Site "Dresden GER"]
[Date "2007.04.11"]
[Round "8.53"]
[White "Ftacnik, Lubomir"]
[Black "Iskusnyh, Sergei"]
[Result "1-0"]
[WhiteElo "2573"]
[BlackElo "2463"]
[EventDate "2007.04.03"]
[PlyCount "100"]

1.d4 d5 2.Nf3 Nf6 3.c4 c6 4.e3 a6 5.Nc3 e6 6.b3 Bb4 7.Bd2 Nbd7 8.Bd3 O-O 
9.O-O Bd6 10.Rc1 h6 11.h3 Re8 12.Qc2 e5 13.cxd5 cxd5 14.dxe5 Nxe5 15.Nxe5 
Bxe5 16.Ne2 Ne4 17.Bxe4 dxe4 18.Bc3 Bxc3 19.Qxc3 Qg5 20.Ng3 Bd7 21.Rfd1 
Bc6 22.Rd6 Rad8 23.Rcd1 Rxd6 24.Rxd6 g6 25.Ne2 h5 26.Qd2 Qc5 27.h4 Bb5 28.
Nf4 Bc6 29.a4 Qe5 30.Qd1 Kh7 31.g3 Kg7 32.Ne2 Kf8 33.Qd2 Ke7 34.Qd4 Kf8 
35.Nc3 a5 36.Nb1 Qc5 37.Nc3 Qe5 38.Kg2 Kg8 39.Nb1 g5 40.hxg5 Qxg5 41.Qc3 
Kh7 42.Qe1 Re6 43.Qh1 Rg6 44.Nc3 h4 45.Kf1 Rh6 46.gxh4 Rxh4 47.Qg2 Qh5 48.
Ke1 Qg4 49.Qf1 Rh2 50.Ne2 Qh5 1-0

[Event "8th EUR-ch"]
[Site "Dresden GER"]
[Date "2007.04.11"]
[Round "8.54"]
[White "Hera, Imre"]
[Black "Khismatullin, Denis"]
[Result "1-0"]
[WhiteElo "2477"]
[BlackElo "2570"]
[EventDate "2007.04.03"]
[PlyCount "93"]

1.e4 c5 2.Nf3 e6 3.d3 Nc6 4.g3 Nf6 5.Bg2 d5 6.Nbd2 g6 7.O-O Bg7 8.exd5 
Nxd5 9.Nb3 b6 10.d4 Ba6 11.Re1 cxd4 12.Nfxd4 Nxd4 13.Nxd4 O-O 14.Nc6 Qf6 
15.c3 Bb7 16.Bxd5 exd5 17.Nd4 Rae8 18.Be3 h6 19.Qd2 Kh7 20.f3 Bc8 21.h4 
Re5 22.Bf4 Rh5 23.Re2 Ba6 24.Rh2 Re8 25.Re1 Rxe1+ 26.Qxe1 Rf5 27.Qe3 Rh5 
28.Qe8 Rf5 29.Qe3 Rh5 30.Bc7 Bf8 31.Qe8 Be7 32.g4 Re5 33.Bxe5 Qxe5 34.
Qxf7+ Kh8 35.Qe6 Qg3+ 36.Rg2 Qxh4 37.Qe5+ Bf6 38.Rh2 Qxg4+ 39.fxg4 Bxe5 
40.Rxh6+ Kg7 41.g5 Bc8 42.Nf3 Bd6 43.Nh4 Bc5+ 44.Kg2 d4 45.Rxg6+ Kh7 46.
Rh6+ Kg7 47.cxd4 1-0

[Event "8th EUR-ch"]
[Site "Dresden GER"]
[Date "2007.04.11"]
[Round "8.55"]
[White "Siebrecht, Sebastian"]
[Black "Markus, Robert"]
[Result "1/2-1/2"]
[WhiteElo "2464"]
[BlackElo "2567"]
[EventDate "2007.04.03"]
[PlyCount "72"]

1.d4 Nf6 2.Nf3 e6 3.e3 b6 4.Bd3 Bb7 5.O-O d5 6.Nbd2 Nbd7 7.b3 Bd6 8.Bb2 
Ne4 9.Ne5 Bxe5 10.dxe5 Nxd2 11.Qxd2 Qe7 12.c4 dxc4 13.Bxc4 O-O 14.Rad1 
Rfd8 15.Qe2 Nf8 16.Rc1 Qg5 17.f4 Qg6 18.Rcd1 Qe4 19.Bd4 c5 20.Bc3 Ng6 21.
Bd3 Rxd3 22.Rxd3 Ba6 23.Rfd1 Nf8 24.Qd2 Bxd3 25.Qxd3 Qb7 26.e4 Rc8 27.f5 
Rc7 28.Qe3 Rd7 29.Rd6 exf5 30.exf5 Rxd6 31.exd6 Qd5 32.Bxg7 Kxg7 33.Qg5+ 
Kh8 34.Qf6+ Kg8 35.Qg5+ Kh8 36.Qf6+ Kg8 1/2-1/2

[Event "8th EUR-ch"]
[Site "Dresden GER"]
[Date "2007.04.11"]
[Round "8.56"]
[White "Holzke, Frank"]
[Black "Prusikin, Michael"]
[Result "1/2-1/2"]
[WhiteElo "2467"]
[BlackElo "2567"]
[EventDate "2007.04.03"]
[PlyCount "35"]

1.e4 e6 2.d4 d5 3.Nd2 c5 4.Ngf3 cxd4 5.exd5 Qxd5 6.Bc4 Qd6 7.O-O Nf6 8.Nb3
Nc6 9.Nbxd4 Nxd4 10.Nxd4 a6 11.b3 Qc7 12.Qe2 b5 13.Bd3 Bb7 14.Bb2 Bc5 15.
Nf3 O-O 16.Bxf6 gxf6 17.a4 b4 18.Be4 1/2-1/2

[Event "8th EUR-ch"]
[Site "Dresden GER"]
[Date "2007.04.11"]
[Round "8.61"]
[White "Sargissian, Gabriel"]
[Black "Frolyanov, Dmitry"]
[Result "1/2-1/2"]
[WhiteElo "2651"]
[BlackElo "2525"]
[EventDate "2007.04.03"]
[PlyCount "128"]

1.d4 d5 2.c4 e6 3.Nf3 c6 4.Qc2 Nf6 5.Nbd2 c5 6.dxc5 Bxc5 7.a3 dxc4 8.Nxc4 
O-O 9.Bg5 b5 10.Nce5 Qa5+ 11.Bd2 Qb6 12.Nd3 Be7 13.Be3 Qd8 14.g3 Bb7 15.
Bg2 Nbd7 16.O-O Rc8 17.Qb3 a6 18.Rfc1 Bd6 19.a4 Bd5 20.Qd1 Rxc1 21.Rxc1 
Qb8 22.axb5 Qxb5 23.Qc2 Qb7 24.Nfe1 Ng4 25.Bd2 Bxg2 26.Nxg2 Nde5 27.Nge1 
h6 28.Nxe5 Bxe5 29.Nd3 Bd4 30.Qc6 Qa7 31.Be1 Ne5 32.Nxe5 Bxe5 33.b4 Bf6 
34.Rd1 Qa8 35.Qa4 Rc8 36.f3 Qc6 37.Qxc6 Rxc6 38.Kf2 Kf8 39.Ke3 Ke8 40.Rb1 
Kd7 41.Kd3 Rd6+ 42.Kc4 Kc6 43.Kb3 h5 44.Rc1+ Kb7 45.h3 g6 46.g4 hxg4 47.
hxg4 Be5 48.Rc5 Bd4 49.Rc4 Be5 50.Re4 Rd5 51.Bc3 Bxc3 52.Kxc3 Kb6 53.Rf4 
Rd7 54.g5 Kb5 55.Kb3 a5 56.bxa5 Kxa5 57.Rb4 Rd5 58.Rf4 Rd7 59.Kc4 Kb6 60.
Rd4 Kc6 61.f4 Rxd4+ 62.Kxd4 Kd6 63.e4 Kd7 64.Ke5 Ke7 1/2-1/2

[Event "8th EUR-ch"]
[Site "Dresden GER"]
[Date "2007.04.11"]
[Round "8.62"]
[White "Kulaots, Kaido"]
[Black "Nielsen, Peter Heine"]
[Result "0-1"]
[WhiteElo "2525"]
[BlackElo "2649"]
[EventDate "2007.04.03"]
[PlyCount "80"]

1.d4 Nf6 2.c4 g6 3.Nc3 Bg7 4.Nf3 O-O 5.g3 d5 6.cxd5 Nxd5 7.Bg2 c5 8.O-O 
cxd4 9.Nxd4 Nxc3 10.bxc3 Qc7 11.Qb3 a6 12.Rb1 Nd7 13.Rd1 e5 14.Nc2 Nc5 15.
Qb6 Qxb6 16.Rxb6 Na4 17.Rb3 Be6 18.Bd5 Bxd5 19.Rxd5 Rac8 20.Bd2 b5 21.e4 
Rfd8 22.Nb4 Nc5 23.Ra3 Nxe4 24.Rxd8+ Rxd8 25.Be3 Bf8 26.Rxa6 Nxc3 27.Nc6 
Rd5 28.Ra8 Kg7 29.Kg2 Bc5 30.Bxc5 Rxc5 31.Nb4 e4 32.Nc2 Nd1 33.Nd4 Rd5 34.
Nb3 Rf5 35.Rd8 Nxf2 36.Nd4 Rf6 37.Nxb5 Ng4 38.a4 Rf2+ 39.Kg1 e3 40.Rd1 
Nxh2 0-1

[Event "8th EUR-ch"]
[Site "Dresden GER"]
[Date "2007.04.11"]
[Round "8.65"]
[White "Bauer, Christian"]
[Black "Andriasian, Zaven"]
[Result "0-1"]
[WhiteElo "2629"]
[BlackElo "2523"]
[EventDate "2007.04.03"]
[PlyCount "128"]

1.e4 c5 2.Nf3 d6 3.c3 Nf6 4.h3 Nc6 5.Bd3 d5 6.e5 Nd7 7.Bb5 Nb6 8.d4 c4 9.
a4 Bd7 10.a5 Nc8 11.a6 Qb6 12.axb7 Qxb7 13.Ba4 e6 14.Nbd2 a5 15.Bc2 Nb6 
16.Ng5 h6 17.Qh5 Nd8 18.Ndf3 Bb5 19.Nh7 Qe7 20.Qg4 Nc6 21.O-O O-O-O 22.Re1
a4 23.h4 Kb7 24.h5 Na5 25.Bf4 Nb3 26.Ra3 Qe8 27.Nxf8 Qxf8 28.Bg3 Bd7 29.
Nh4 Rg8 30.Re3 Qe7 31.Qf4 Rdf8 32.Rf3 Qg5 33.Re3 Qxh5 34.Nf3 Bc6 35.Bh2 g5
36.Qf6 Re8 37.Ne1 Nd7 38.Qf3 Qxf3 39.Nxf3 h5 40.Ne1 Rg7 41.Bd1 Rh8 42.Nc2 
Nb8 43.Rh3 g4 44.Rh4 Nd7 45.Bf4 Nf8 46.Rh1 Rhh7 47.Ne3 Ng6 48.g3 Nxf4 49.
gxf4 Kb6 50.Kg2 Rh8 51.f5 Rg5 52.f6 Rxe5 53.Nxg4 Rf5 54.Kf1 Nd2+ 55.Ke1 
Nb3 56.Ne5 Be8 57.Rh4 Rg8 58.Bxb3 Rg1+ 59.Ke2 cxb3 60.Rh2 Rb1 61.c4 Rxb2+ 
62.Ke3 Rxe5+ 63.dxe5 dxc4 64.Kd4 Kb5 0-1

[Event "8th EUR-ch"]
[Site "Dresden GER"]
[Date "2007.04.11"]
[Round "8.68"]
[White "Romanov, Evgeny"]
[Black "Graf, Alexander"]
[Result "0-1"]
[WhiteElo "2520"]
[BlackElo "2620"]
[EventDate "2007.04.03"]
[PlyCount "84"]

1.e4 c5 2.Nf3 d6 3.d4 cxd4 4.Nxd4 Nf6 5.Nc3 e6 6.g4 h6 7.h3 a6 8.Bg2 Qc7 
9.O-O Nc6 10.Nde2 b5 11.a3 Rb8 12.Ng3 a5 13.f4 b4 14.axb4 axb4 15.Nce2 
Qb6+ 16.Kh1 h5 17.gxh5 Nxh5 18.Nxh5 Rxh5 19.f5 Rh8 20.Nf4 Ne5 21.Qe2 Be7 
22.Be3 Qc6 23.fxe6 fxe6 24.Ra7 Ra8 25.Rxa8 Qxa8 26.Bd4 Rh6 27.Bxe5 dxe5 
28.Qb5+ Bd7 29.Qxe5 Bf6 30.Qd6 Qc8 31.e5 Be7 32.Qd3 Qc5 33.Qe4 g5 34.Ng6 
Rxh3+ 35.Bxh3 Bc6 36.Bg2 Bxe4 37.Bxe4 Qc4 38.Bd3 Qg4 39.Nxe7 Qh3+ 40.Kg1 
Qg3+ 41.Kh1 Kxe7 42.b3 g4 0-1

[Event "8th EUR-ch"]
[Site "Dresden GER"]
[Date "2007.04.11"]
[Round "8.70"]
[White "Jenni, Florian"]
[Black "Hracek, Zbynek"]
[Result "0-1"]
[WhiteElo "2518"]
[BlackElo "2613"]
[EventDate "2007.04.03"]
[PlyCount "76"]

1.e4 c5 2.Nf3 d6 3.d4 cxd4 4.Nxd4 Nf6 5.Nc3 a6 6.Be3 e6 7.g4 h6 8.Bg2 Nc6 
9.h3 Ne5 10.Qe2 g5 11.O-O-O Bd7 12.f4 gxf4 13.Bxf4 Rc8 14.Kb1 Rxc3 15.bxc3
Qc7 16.Qe1 Ba4 17.Nb3 Nfd7 18.Bf1 Nb6 19.Be3 Nbc4 20.Bd4 Na3+ 21.Kb2 Nec4+
22.Bxc4 Nxc4+ 23.Kb1 e5 24.Be3 Bd7 25.Bc1 Be6 26.Qf2 Qc6 27.Qa7 Be7 28.
Rhg1 Bd8 29.g5 hxg5 30.Bxg5 Bxg5 31.Rxg5 Ke7 32.Rg3 Qxe4 33.Qf2 a5 34.Rf1 
Kd7 35.Rd3 Kc7 36.Qa7 a4 37.Na5 Na3+ 38.Kb2 Nb5 0-1

[Event "8th EUR-ch"]
[Site "Dresden GER"]
[Date "2007.04.11"]
[Round "8.71"]
[White "Wells, Peter"]
[Black "Nijboer, Friso"]
[Result "1/2-1/2"]
[WhiteElo "2499"]
[BlackElo "2606"]
[EventDate "2007.04.03"]
[PlyCount "115"]

1.e4 c5 2.Nf3 Nc6 3.d4 cxd4 4.Nxd4 Nf6 5.Nc3 d6 6.Bg5 e6 7.Qd2 Be7 8.O-O-O
Qb6 9.Be3 Ng4 10.Nxc6 Nxe3 11.Nxe7 Nxd1 12.Na4 Qxf2 13.Qxd6 Bd7 14.Nc5 Rd8
15.Nxd7 Ne3 16.Nf6+ gxf6 17.Bb5+ Kf8 18.Qxd8+ Kg7 19.Qd2 Qxd2+ 20.Kxd2 Ng4
21.Ke2 Rb8 22.Rd1 Ne5 23.Rd4 a6 24.Ba4 b5 25.Bb3 Re8 26.Rd6 Rxe7 27.Rxa6 
Rb7 28.h3 h5 29.Ke3 Kg6 30.Ra8 h4 31.Kf2 Kg7 32.Rd8 Ng6 33.Ke3 Ne7 34.c3 
Nc6 35.Rc8 Ne5 36.Rd8 Nc4+ 37.Bxc4 bxc4 38.Rd2 Kg6 39.Kf4 Kh5 40.Rf2 Rd7 
41.b4 cxb3 42.axb3 Rd3 43.Rf3 Rd2 44.Ke3 Rxg2 45.Rxf6 Rh2 46.Rf3 f6 47.b4 
Kg5 48.Kd4 Rd2+ 49.Kc5 Rg2 50.Kd4 Rg3 51.Ke3 Rg1 52.b5 Rb1 53.c4 Rb3+ 54.
Ke2 Rb2+ 55.Ke3 Rb3+ 56.Ke2 Rb2+ 57.Ke3 Rb3+ 58.Ke2 1/2-1/2

[Event "8th EUR-ch"]
[Site "Dresden GER"]
[Date "2007.04.11"]
[Round "8.75"]
[White "Van der Weide, Karel"]
[Black "Nyback, Tomi"]
[Result "1/2-1/2"]
[WhiteElo "2502"]
[BlackElo "2585"]
[EventDate "2007.04.03"]
[PlyCount "126"]

1.e4 e5 2.Nf3 Nc6 3.d4 exd4 4.Nxd4 Bc5 5.Be3 Qf6 6.c3 Nge7 7.Bc4 Ne5 8.Be2
Qg6 9.O-O d6 10.f3 O-O 11.Nd2 d5 12.Kh1 dxe4 13.fxe4 Bg4 14.Bf3 Rad8 15.
Qe2 N7c6 16.Nc4 Bxd4 17.Bxd4 Nxc4 18.Qxc4 Rd7 19.Rae1 Rfd8 20.Bxg4 Qxg4 
21.Rf5 Qg6 22.Ref1 Qe6 23.Qxe6 fxe6 24.Rc5 Nxd4 25.cxd4 c6 26.Re5 Rxd4 27.
Rxe6 Rd1 28.Re8+ Rxe8 29.Rxd1 Rxe4 30.Kg1 Kf7 31.Rd7+ Re7 32.Rd8 Ke6 33.
Kf2 Rd7 34.Re8+ Kd5 35.Ke3 Kc4 36.Re4+ Kb5 37.h4 c5 38.b3 Ka5 39.Ra4+ Kb6 
40.Rf4 Kc6 41.g4 b5 42.h5 a5 43.a4 b4 44.Rf5 Rd5 45.Rf7 Rd1 46.h6 gxh6 47.
Rxh7 Rd6 48.Rh8 Kd5 49.Ra8 Rg6 50.Rd8+ Ke5 51.Rc8 Kd6 52.Rh8 c4 53.bxc4 
Rxg4 54.Rxh6+ Kc5 55.Kd3 Rg3+ 56.Kc2 b3+ 57.Kb2 Kb4 58.Rh2 Rc3 59.c5 Rc4 
60.c6 Kxa4 61.c7 Kb4 62.Rh4 Rxh4 63.c8=Q Rh2+ 1/2-1/2

[Event "8th EUR-ch"]
[Site "Dresden GER"]
[Date "2007.04.11"]
[Round "8.76"]
[White "Atalik, Suat"]
[Black "Meier, Georg"]
[Result "1/2-1/2"]
[WhiteElo "2584"]
[BlackElo "2506"]
[EventDate "2007.04.03"]
[PlyCount "89"]

1.d4 Nf6 2.c4 e6 3.Nc3 Bb4 4.Qc2 O-O 5.a3 Bxc3+ 6.Qxc3 b6 7.Bg5 Bb7 8.f3 
h6 9.Bh4 d5 10.e3 Nbd7 11.cxd5 Nxd5 12.Bxd8 Nxc3 13.Bh4 Nd5 14.Bf2 c5 15.
e4 Ne7 16.Ne2 Rac8 17.Nc3 cxd4 18.Bxd4 Nc5 19.O-O-O Nb3+ 20.Kc2 Nxd4+ 21.
Rxd4 Rfd8 22.Rxd8+ Rxd8 23.Bb5 Nc6 24.Bxc6 Bxc6 25.b4 Kf8 26.b5 Be8 27.a4 
Rd4 28.Rd1 Rxd1 29.Nxd1 f6 30.f4 e5 31.f5 Ke7 32.Kb3 Bh5 33.Nc3 Kd6 34.Kb4
Bf7 35.g4 h5 36.h3 hxg4 37.hxg4 g6 38.a5 g5 39.axb6 axb6 40.Nb1 Ba2 41.Nd2
Bf7 42.Nc4+ Bxc4 43.Kxc4 Ke7 44.Kd5 Kd7 45.Kc4 1/2-1/2

[Event "8th EUR-ch"]
[Site "Dresden GER"]
[Date "2007.04.11"]
[Round "8.77"]
[White "Bromberger, Stefan"]
[Black "Savchenko, Boris"]
[Result "0-1"]
[WhiteElo "2495"]
[BlackElo "2583"]
[EventDate "2007.04.03"]
[PlyCount "84"]

1.d4 Nf6 2.Nf3 e6 3.c4 d5 4.g3 dxc4 5.Bg2 a6 6.O-O Nc6 7.e3 Bd7 8.Nc3 Nd5 
9.Nd2 Nb6 10.Qe2 Na5 11.Nde4 Bc6 12.Rd1 Bb4 13.Bd2 O-O 14.d5 exd5 15.Nxd5 
Bxd2 16.Qxd2 Nxd5 17.Qxa5 b6 18.Qe1 Qe7 19.Rac1 b5 20.Rd4 Nb4 21.a3 Nd3 
22.Rxd3 Bxe4 23.Bxe4 cxd3 24.Bxa8 Rxa8 25.Qb4 Qd7 26.Qd4 Qxd4 27.exd4 Rd8 
28.Rc3 Rxd4 29.Rxc7 h5 30.Rc1 Kh7 31.Rd1 d2 32.Kf1 Kg6 33.Ke2 Kf5 34.f3 
Ke5 35.Rxd2 Rxd2+ 36.Kxd2 Kd4 37.h4 f6 38.Ke2 f5 39.Kd2 Ke5 40.Kd3 f4 41.
g4 hxg4 42.fxg4 f3 0-1

[Event "8th EUR-ch"]
[Site "Dresden GER"]
[Date "2007.04.11"]
[Round "8.81"]
[White "Brkic, Ante"]
[Black "Karpatchev, Aleksandr"]
[Result "1-0"]
[WhiteElo "2567"]
[BlackElo "2477"]
[EventDate "2007.04.03"]
[PlyCount "49"]

1.e4 e5 2.Nf3 Nc6 3.Bb5 a6 4.Ba4 Nf6 5.O-O b5 6.Bb3 Bc5 7.a4 Rb8 8.c3 O-O 
9.d4 Bb6 10.Na3 Nxe4 11.dxe5 d6 12.Qe2 d5 13.Be3 b4 14.Rad1 Be6 15.c4 bxa3
16.cxd5 Bf5 17.dxc6 Qe7 18.Bxb6 Rxb6 19.Nd4 Bg6 20.e6 fxe6 21.bxa3 Kh8 22.
Qe3 Qxa3 23.Bxe6 Qxa4 24.Bd7 Nc5 25.Qe7 1-0

[Event "8th EUR-ch"]
[Site "Dresden GER"]
[Date "2007.04.11"]
[Round "8.83"]
[White "Korneev, Oleg"]
[Black "Szabo, Krisztian"]
[Result "1-0"]
[WhiteElo "2565"]
[BlackElo "2438"]
[EventDate "2007.04.03"]
[PlyCount "109"]

1.e4 e5 2.Nf3 Nc6 3.Bc4 Bc5 4.c3 Nf6 5.d3 a6 6.Bb3 O-O 7.O-O d6 8.Nbd2 Ba7
9.h3 Nh5 10.Nc4 Qf6 11.Ne3 Nf4 12.Nd5 Nxd5 13.exd5 Nb8 14.Kh1 h6 15.Nh2 
Qg6 16.f4 exf4 17.Bxf4 Nd7 18.g4 Nf6 19.Nf3 Bd7 20.Nh4 Qh7 21.Ng2 Rfe8 22.
Qf3 c6 23.Bxd6 cxd5 24.d4 Bb5 25.Be5 Bxf1 26.Rxf1 Qe4 27.Bxf6 Qxf3 28.Rxf3
gxf6 29.Ne3 Rad8 30.Kg2 Kg7 31.Kf2 Re6 32.Nxd5 Bb8 33.Ne3 Re4 34.Nf5+ Kf8 
35.Bc2 Rf4 36.Nxh6 Re8 37.Nf5 Rxf3+ 38.Kxf3 Re1 39.h4 Rf1+ 40.Kg2 Ra1 41.
Bb3 Rb1 42.h5 Rxb2+ 43.Kf3 a5 44.c4 b6 45.h6 Rh2 46.Ke4 a4 47.Bxa4 Rxa2 
48.Kd5 Kg8 49.Bb5 Rg2 50.Kc6 Rxg4 51.d5 Kh7 52.Kxb6 Kg6 53.c5 Rb4 54.d6 
Kxf5 55.h7 1-0

[Event "8th EUR-ch"]
[Site "Dresden GER"]
[Date "2007.04.11"]
[Round "8.84"]
[White "Jakubowski, Krzysztof"]
[Black "Drozdovskij, Yuri"]
[Result "1-0"]
[WhiteElo "2471"]
[BlackElo "2558"]
[EventDate "2007.04.03"]
[PlyCount "183"]

1.e4 e6 2.d4 d5 3.Nc3 dxe4 4.Nxe4 Nd7 5.Nf3 Ngf6 6.Nxf6+ Nxf6 7.Bc4 Be7 8.
O-O O-O 9.Qe2 b6 10.Bf4 Bb7 11.Rad1 Qc8 12.Ne5 Nd5 13.Bg3 c5 14.c3 a6 15.
dxc5 Bxc5 16.h4 b5 17.Bd3 f6 18.Nf3 e5 19.Qc2 h6 20.Bf5 Qe8 21.Be4 Qf7 22.
h5 Rfd8 23.Nh4 Qxh5 24.b4 Bb6 25.Qb3 Qf7 26.Ng6 Ra7 27.Bf5 Bc6 28.Rd3 Nf4 
29.Bxf4 Qxb3 30.Rxd8+ Bxd8 31.axb3 exf4 32.Rd1 Be7 33.Be6+ Kh7 34.Bf5 Kg8 
35.Be6+ Kh7 36.Nxf4 g6 37.Bd5 Bd7 38.Bf3 Bf5 39.Nd5 Bd8 40.Ne3 Bd7 41.c4 
f5 42.c5 Bg5 43.Rd6 Bf4 44.Rb6 Bc8 45.Nd5 Be5 46.Rc6 Bd7 47.Nf6+ Kg7 48.
Nxd7 Rxd7 49.Rxa6 Rd2 50.Kf1 Rc2 51.Bc6 Bd4 52.Bxb5 Bxf2 53.Bc4 Bg3 54.Ra1
Rf2+ 55.Kg1 Rd2 56.c6 Kf6 57.b5 Ke7 58.Kh1 Kd6 59.Bf1 Kc5 60.Ra7 Rc2 61.
Ra4 Be5 62.Rc4+ Rxc4 63.bxc4 h5 64.Bd3 h4 65.Kg1 Bd6 66.Kf1 Bc7 67.Ke2 Bd6
68.Kd1 Bc7 69.Kc2 Bd6 70.Be2 Bc7 71.Kd3 Bd6 72.Bd1 Bc7 73.Bf3 Bd6 74.Bd5 
Bc7 75.Bf7 g5 76.Be6 f4 77.Bg4 Bd8 78.Be2 Bc7 79.Bg4 Bb6 80.Bd1 Bc7 81.Be2
Bb6 82.Ke4 Bd8 83.Ke5 f3 84.Bxf3 Kxc4 85.Kd6 Kxb5 86.c7 Bxc7+ 87.Kxc7 Kc5 
88.Kd7 h3 89.gxh3 Kb6 90.Kd6 Kb5 91.Ke6 Kc5 92.Bg2 1-0